| 000 | 01263nam2a2200253 4500 | ||
|---|---|---|---|
| 001 | RU\NLR\BIBL_A\022491078 | ||
| 005 | 20250627143044.0 | ||
| 035 | _a(NLR Aleph) 022491078 | ||
| 090 |
_a13381862 _c13381862 |
||
| 100 | _a20250314d1911 |||y0rusy50 ca | ||
| 101 | 0 | _arus | |
| 102 | _aRU | ||
| 105 | _af z 000zy | ||
| 200 | 1 |
_aО поэзии _eс портретом автора |
|
| 210 |
_d1911 _aБ. м. |
||
| 215 | _a82, [1] с., [1] вкл. л. портр. | ||
| 225 | 1 |
_a... _v№ 91 |
|
| 320 | _aДругие кн. авт. на обороте тит. с. | ||
| 461 | 0 |
_1001v19\rc\2078448 _12001#$aИзбранныя сочинения$fклассное издание под редакцией В. Никольскаго$fВ. Г. Белинский$v1 _1700#1$aБелинский$bВ. Г.$f1811-1848$gВиссарион Григорьевич$3RU\NLR\AUTH\7716241 _96053177 _aБелинский, В. Г. (1811-1848) _cСанкт-Петербург _d1911 _e2-е изд. _fКлас. изд. под ред. В. Никольского _nИзд. Акц. Общ. Типогр. дела _tИзбранные сочинения _v1 |
|
| 852 |
_aNLR _j37.46.10.2(91) |
||
| 942 | _cBOOK | ||
| 980 | _aNB | ||